Uznesenie členského zhromaždenia Spolku slovenských spisovateľov 11. januára 1991

Bibliographic Details
Format: Article
Language:Slovak
Subjects:

MARC

LEADER 00000nab a2200000 a 4500
001 vtls000410286
003 SK-MaSNL
005 20260304205556.0
008 140422c1991 xo 0 slo
015 |a SNBRB19rr/mm-uuuuu 
035 |a CL0410410 
040 |a SNKBUCL  |b slo  |c SNKBUCL  |e AACR2 
041 0 |a slo 
044 |a xo  |c SK 
080 |a 82:061.2  |2 1981 
080 |a 061.2  |2 1981 
080 |a 885.4  |2 1981 
245 0 0 |a Uznesenie členského zhromaždenia Spolku slovenských spisovateľov 11. januára 1991 
610 2 7 |a Spolok slovenských spisovateľov  |2 snkbucl  |9 21342 
655 7 |a články z novín a časopisov  |2 snkbucl  |9 267496 
655 7 |a články z odboru literárna veda a krásna literatúra  |2 snkbucl  |9 770045 
773 0 |t Literárny týždenník  |g Roč. 4, č. 5 (1991), s. 13 
850 |a Slovenská národná knižnica v Martine  |a MTA001 
852 |a SNK  |b KIS3GCP 
958 |a RK 
958 |a LX 
999 |c 3121673  |d 3123603